Dạy văn, học văn

Guardat en:
Dades bibliogràfiques
Autor principal: Đặng Hiển
Format: Llibre
Idioma:Vietnamese
Publicat: H. Nxb. Đại học Sư phạm 2004
Etiquetes: Afegir etiqueta
Sense etiquetes, Sigues el primer a etiquetar aquest registre!
Thư viện lưu trữ: Mạng thư viện Đại học Đà Nẵng
LEADER 00620nam a2200253 4500
001 000003907
003 29
005 20121211001216.0
008 110516s2004 viesd
020 |c 135000 
041 0 |a vie 
082 |a 8  |b 775 
100 0 |a Đặng Hiển 
245 0 |a Dạy văn, học văn  |c Đặng Hiển 
260 |a H.  |b Nxb. Đại học Sư phạm  |c 2004 
300 |a 778tr  |c 20cm 
OWN |a LSP 
999 |a From the UDN01 
TYP |a Monograph 
TYP |a Printed language 
980 |a Mạng thư viện Đại học Đà Nẵng